000 00928nam a22002897i 4500
003 DO-SdBNP
005 20240228125544.0
007 ta
008 210819e2018 dr ||||er|||| 001 pdspa d
020 _a9789945091618
040 _aDO-SdBNP
_bspa
_cBNPHU
_erda
082 4 _aRD861.44
_bR696m, 2018
_222
100 1 _aRodríguez Soriano, René,
_d1950-
_eautor
_9232
245 1 0 _aMuestra gratis /
_cRené Rodríguez Soriano.
250 _aSegunda edición
264 _aSanto Domingo :
_bCielonaranja,
_c2018.
300 _a120 páginas ;
_c20 cm.
336 _2rdacontent
_atexto
_btxt
337 _2rdamedia
_asin mediación
_bn
338 _2rdacarrier
_avolumen
_bnc
500 _aIncluye biografía del autor en la solapa de la cubierta.
590 _aInventariado 2021 / MF
650 4 _aPoesía dominicana
650 4 _aLiteratura dominicana
910 _aMFeliz/Validado. Control de calidad MFF
942 _2ddc
_cLBS1
999 _c50226
_d50226